Представление документа в формате RUSMARC

Поле Инд. ПП Название Значение
Тип записи a
Библиографический уровень s
001 Контрольный номер d078de73cf204d2ebdc2573eda06ebc2
005 Дата корректировки 20250219144600.4
011 a ISSN 1812-383Х
200 1_ a Заглавие Арбитражный и гражданский процесс
210 1_ d Дата издания 2018
610 0_ a Ключевые слова Периодика 2018
801 _0 a Страна RU
b Организация РГУП
g Правила каталогизации PSBO
801 _1 a Страна RU
b Организация РГУП
g Правила каталогизации PSBO
830 a Общее примечание каталогизатора Периодика 2018
901 t Тип документа u
905 a Дата ввода 20180124